000 01536nam0a22002651 4500
001 rc\66834
005 20260407083327.0
035 _a(NLR Aleph) 005340801
090 _a6691516
_c6691516
100 _a20021216d1991 |||y0rusy50 ca
101 0 _arus
102 _aRU
105 _aa |||||||||
200 1 _aНаучно-технический прогресс в механизации овощеводства защищенного грунта Японии
_e[Аналит. обзор
_fМ.С. Бунин]
210 _aМ.
_cИн-т "Информагротех"
_d1991
215 _a[1], 31 с.
_cил.
_d22
225 1 _aСерия "Механизация растениеводства. Испытания новой техники"
_eОбзор. информ.
_fГос. комис. Совета Министров СССР по продовольствию и закупкам, НИИ информ. и техн.-экон. исслед. по инж.-техн. обеспечению
320 _aБиблиогр.: с. 29-30 (15 назв.)
701 1 _aБунин
_bМ.С.
_gМихаил Станиславович
712 0 1 _aСССР
_bКомиссия по продовольствию и закупкам
_bНИИ информации и технико-экономических исследований по инженерно-техническому обеспечению
_3RU\NLR\AUTH\8810295
_9293178
801 0 _aRU
_bNLR
_gpsbo
801 1 _aRU
_bELAR
_2rusmarc
852 _aNLR
_j91-6/1054
942 _cBOOK
980 _aNB